[Event "IECG WC.2011.P.00003 email"]
[Site "IECG email"]
[Date "2007.04.04"]
[Round "?"]
[White "Bodaan, Ton"]
[Black "Johansen, Svein Age"]
[Result "1/2-1/2"]
[WhiteElo "2196"]
[BlackElo "1930"]
[PlyCount "75"]
[EventDate "2007.04.04"]
[EventType "tourn (corr)"]
[EventRounds "6"]
[SourceTitle "Corr 2011"]
[Source "ChessBase"]
[SourceDate "2010.08.31"]
[SourceVersion "1"]
[SourceVersionDate "2010.08.31"]
[SourceQuality "1"]

1. e4 e5 2. Nf3 Nf6 3. Nxe5 d6 4. Nf3 Nxe4 5. Nc3 Nxc3 6. dxc3 Be7 7. Bf4 Nc6 8. Qd2 Be6 9. 0-0-0 Qd7 10. Kb1 a6 11. Bd3 0-0-0 12. h3 Rhe8 13. Rhe1 h6 14. Be3 Bf6 15. Qe2 Ne5 16. Nxe5 dxe5 17. f3 Bh4 18. Bf2 Bxf2 19. Qxf2 Kb8 20. b3 Qc6 21. Kb2 Bc8 22. Be4 Qe6 23. g4 Rxd1 24. Rxd1 Qe7 25. Qe3 Qg5 26. Qe2 g6 27. Bd5 f5 28. Re1 h5 29. Qe3 Qxe3 30. Rxe3 Re7 31. gxh5 gxh5 32. h4 Bd7 33. b4 b6 34. Kc1 c6 35. Bc4 f4 36. Re1 Kc7 37. Kd2 a5 38. Bd3 1/2-1/2

[Event "IECG WC.2011.P.00003 email"]
[Site "IECG email"]
[Date "2007.04.04"]
[Round "?"]
[White "Veiseh, David"]
[Black "Bodaan, Ton"]
[Result "1/2-1/2"]
[WhiteElo "1484"]
[BlackElo "2196"]
[PlyCount "62"]
[EventDate "2007.04.04"]
[EventType "tourn (corr)"]
[EventRounds "6"]
[SourceTitle "Corr 2011"]
[Source "ChessBase"]
[SourceDate "2010.08.31"]
[SourceVersion "1"]
[SourceVersionDate "2010.08.31"]
[SourceQuality "1"]

1. e4 c5 2. Nf3 Nc6 3. d4 cxd4 4. Nxd4 Nf6 5. Nc3 d6 6. Bg5 Bd7 7. Qd2 Rc8 8. Be2 a6 9. 0-0 Nxd4 10. Qxd4 Qa5 11. Bd2 Qc5 12. Qd3 g6 13. Be3 Qa5 14. Bd4 Bg7 15. Nd5 Nxd5 16. Bxg7 Nf4 17. Qf3 Rg8 18. Bc3 Qg5 19. Bd1 h5 20. Re1 f6 21. h4 Qxh4 22. Bd2 Ne6 23. Qb3 b5 24. a4 Kf7 25. axb5 Bxb5 26. Qa2 Rc5 27. Rc1 a5 28. Be3 Re5 29. Bd4 Rg5 30. Be3 Re5 31. Bd4 Rg5 1/2-1/2

[Event "IECG CP.2005.Q.00024 email"]
[Site "IECG email"]
[Date "2007.01.15"]
[Round "?"]
[White "Wittal, Werner"]
[Black "Bodaan, Ton"]
[Result "1/2-1/2"]
[WhiteElo "1863"]
[BlackElo "2200"]
[PlyCount "38"]
[EventDate "2007.01.15"]
[EventType "tourn (corr)"]
[EventRounds "6"]
[EventCountry "GER"]
[SourceTitle "Corr 2008"]
[Source "ChessBase"]
[SourceDate "2008.06.24"]
[SourceVersion "1"]
[SourceVersionDate "2008.06.24"]
[SourceQuality "1"]

1. d4 Nf6 2. Nf3 e6 3. e3 c5 4. c3 d5 5. Bd3 Nc6 6. 0-0 Bd6 7. Nbd2 0-0 8. dxc5 Bxc5 9. e4 Qc7 10. exd5 exd5 11. Nb3 Bb6 12. Re1 Bg4 13. Be3 Bxe3 14. Rxe3 Rae8 15. Rxe8 Rxe8 16. h3 Bh5 17. g4 Bg6 18. Bxg6 hxg6 19. Kg2 Ne5 1/2-1/2

[Event "IECG TE.2006.P.02308 email"]
[Site "IECG email"]
[Date "2006.12.20"]
[Round "?"]
[White "Amir, Jacob"]
[Black "Bodaan, Ton"]
[Result "0-1"]
[WhiteElo "1748"]
[BlackElo "2200"]
[PlyCount "64"]
[EventDate "2006.12.20"]
[EventType "tourn (corr)"]
[EventRounds "12"]
[SourceTitle "Corr 2024"]
[Source "ChessBase"]
[SourceDate "2023.10.19"]
[SourceVersion "1"]
[SourceVersionDate "2023.10.19"]
[SourceQuality "1"]

1. e4 c5 2. c3 Nf6 3. e5 Nd5 4. Nf3 Nc6 5. Bc4 Nb6 6. Bb3 c4 7. Bc2 Qc7 8. Qe2 g5 9. h3 Bg7 10. 0-0 Nxe5 11. Nxg5 d5 12. d4 cxd3 13. Bxd3 Nxd3 14. Qxd3 e5 15. Na3 h6 16. Nf3 Bd7 17. Re1 0-0 18. Qd1 Rfe8 19. Be3 Qc6 20. Nc2 Qg6 21. Nb4 d4 22. cxd4 e4 23. Ne5 Bxe5 24. dxe5 Bxh3 25. g3 Rad8 26. Qb3 Nd7 27. e6 Bxe6 28. Qc3 a5 29. Nc2 Rc8 30. Qd2 Ne5 31. Nd4 Red8 32. Qxa5 Qh5 0-1

[Event "IECG TE.2006.P.02308 email"]
[Site "IECG email"]
[Date "2006.12.20"]
[Round "?"]
[White "Candelario, Jose"]
[Black "Bodaan, Ton"]
[Result "0-1"]
[WhiteElo "800"]
[BlackElo "2200"]
[PlyCount "93"]
[EventDate "2006.12.20"]
[EventType "tourn (corr)"]
[EventRounds "12"]
[SourceTitle "Corr 2024"]
[Source "ChessBase"]
[SourceDate "2023.10.19"]
[SourceVersion "1"]
[SourceVersionDate "2023.10.19"]
[SourceQuality "1"]

1. e4 c5 2. c3 e6 3. Nf3 d5 4. exd5 Qxd5 5. Na3 Nf6 6. Bc4 Qd8 7. 0-0 a6 8. Re1 b5 9. Bb3 Be7 10. d3 0-0 11. Ne5 Bb7 12. Bf4 Nc6 13. Qe2 Nd5 14. Bg3 Rc8 15. Nc2 Bg5 16. Nf3 Nf4 17. Bxf4 Bxf4 18. g3 Bb8 19. Ne3 Ne7 20. a4 Qd7 21. axb5 axb5 22. Red1 Qc6 23. Kg2 Rfd8 24. Bc2 h5 25. h4 Nf5 26. Nf1 Rd4 27. cxd4 Nxd4 28. Qe4 Qc7 29. Qe3 Nxc2 30. Qc1 Qc6 31. N1h2 Nxa1 32. Qxa1 Qd5 33. Qb1 Be5 34. Qc2 Bf6 35. b3 Ra8 36. Rc1 Be7 37. Rb1 Qf5 38. Re1 Bxh4 39. gxh4 Bxf3+ 40. Nxf3 Qg4+ 41. Kh2 Qxf3 42. Rg1 Qf4+ 43. Kh3 Qf5+ 44. Kh2 Qe5+ 45. Kh3 Qd4 46. Qe2 Ra3 47. Rb1 0-1

[Event "IECG CP.2006.P.00006 email"]
[Site "IECG email"]
[Date "2006.10.01"]
[Round "?"]
[White "Bodaan, Ton"]
[Black "Balmelle, Jean Luc"]
[Result "1-0"]
[WhiteElo "2199"]
[BlackElo "1732"]
[PlyCount "23"]
[EventDate "2006.10.01"]
[EventType "tourn (corr)"]
[EventRounds "6"]
[SourceTitle "Corr 2024"]
[Source "ChessBase"]
[SourceDate "2023.10.19"]
[SourceVersion "1"]
[SourceVersionDate "2023.10.19"]
[SourceQuality "1"]

1. e4 c6 2. d4 d5 3. e5 c5 4. dxc5 e6 5. a3 Bxc5 6. Qg4 Ne7 7. Nf3 Qb6 8. Nc3 Bxf2+ 9. Ke2 Bd7 10. Qxg7 Rg8 11. Qxh7 d4 12. Ne4 1-0

[Event "IECG TE.2006.P.02208"]
[Site "IECG email"]
[Date "2006.06.19"]
[Round "?"]
[White "Bodaan, Ton"]
[Black "Romero, Agustin"]
[Result "1-0"]
[WhiteElo "2175"]
[BlackElo "885"]
[PlyCount "57"]
[EventDate "2006.06.19"]
[EventType "tourn (corr)"]
[EventRounds "2"]
[SourceTitle "Corr 2008"]
[Source "ChessBase"]
[SourceDate "2008.06.24"]
[SourceVersion "1"]
[SourceVersionDate "2008.06.24"]
[SourceQuality "1"]

1. d4 f5 2. e4 fxe4 3. Nc3 Nf6 4. Bg5 g6 5. f3 exf3 6. Nxf3 d5 7. Qd2 Bg7 8. Bb5+ c6 9. Bd3 0-0 10. 0-0 Na6 11. Bxa6 bxa6 12. Ne5 Qb6 13. Na4 Qb5 14. Nc5 Ng4 15. Rxf8+ Bxf8 16. c4 dxc4 17. a4 Qb8 18. Bf4 Nxe5 19. Bxe5 Qb6 20. Rf1 Bg7 21. Qf4 Bf6 22. Ne4 Bf5 23. Bxf6 exf6 24. Nxf6+ Kf7 25. g4 Kxf6 26. gxf5 Kg7 27. fxg6 hxg6 28. Qe5+ Kh6 29. Rf7 1-0